ARRUPE JESUIT UNIVERSITY

CORONAVIRUS -STOP THE SPREAD - CLEAN,DISINFECT,COVER

Sowing our seeds: strengthening citizen participation in local decision-making (Record no. 125866)

MARC details
000 -LEADER
fixed length control field 00496nam a22001337a 4500
008 - FIXED-LENGTH DATA ELEMENTS--GENERAL INFORMATION
fixed length control field 161205b xxu||||| |||| 00| 0 eng d
050 ## - LIBRARY OF CONGRESS CALL NUMBER
Classification number HN49.C6 A185
245 ## - TITLE STATEMENT
Title Sowing our seeds: strengthening citizen participation in local decision-making
Statement of responsibility, etc / ACPD-Bookteam
260 ## - PUBLICATION, DISTRIBUTION, ETC. (IMPRINT)
Place of publication, distribution, etc Cape Town
Name of publisher, distributor, etc Africa Community Publishing and Development Trust
Date of publication, distribution, etc 2006
300 ## - PHYSICAL DESCRIPTION
Extent 136p. ;
Dimensions 21cm.
440 ## - SERIES STATEMENT/ADDED ENTRY--TITLE
Title Community Capacity Building Series
9 (RLIN) 27970
650 ## - SUBJECT ADDED ENTRY--TOPICAL TERM
Topical term or geographic name as entry element Community building
9 (RLIN) 27906
942 ## - ADDED ENTRY ELEMENTS (KOHA)
Source of classification or shelving scheme Library of Congress Classification
Item type Monograph ( Printed materials)
Holdings
Withdrawn status Lost status Source of classification or shelving scheme Damaged status Not for loan Collection code Home library Current library Shelving location Date acquired Total Checkouts Full call number Barcode Date last seen Price effective from Koha item type
    Library of Congress Classification     Main Collection ARRUPE LIBRARY ARRUPE LIBRARY Main Collection 05/12/2016   HN49.C6 A185 46500020900 05/12/2016 05/12/2016 Monograph ( Printed materials)

 

Arrupe Library. PO Box MP320 Mt Pleasant, Harare, Zimbabwe
263 242 745411|librarian@aju.ac.zw